LEADER 00963nas a2200277 i 4500 001 000000167777 003 CaOOAMICUS 005 20071207000000.0 008 071207b2005 it uu u0 0ita r 013 $a145176 040 $aSeMil$bita 245 10$a[2005]. 260 $aMilano :$bGiuffrè,$c2005. 300 $aXII, [46], 493 p. ;$c25 cm. 500 $aContiene : Synthesis [sezioni]. - In custodia. 773 0 $tIustitia.$dRoma : [s.n.], 1948.$x0021-3268$w()2386 774 0 $tGennaio-Marzo.$w()267837 774 0 $tAprile-Giugno.$w()267838 774 0 $tLuglio-Settembre.$w()267839 774 0 $tOttobre-Dicembre.$w()267840 774 0 $t[Sommari].$w()267841 850 $aSeMil 852 $aSeMil$W1$xVenegono$y1$m59 6 31/BIS$j118913$B118913$CSeMilBibl$Z2$F129741 $85 961 $aOmaggio: Tettamanzi Card. Dionigi 996 $6245$a[2005]$9(OLS)http://semarc/title/140384 996 $6260$aMilano :$bGiuffrè$9(OLS)http://semarc/publisher/29926 LEADER 01519nas a2200253 i 4500 001 000000002256 003 CaOOAMICUS 005 20210507172818.0 008 180830c19689999sp tr p u0 0spa r 022 $a0425-340X 040 $aSeMil$bita 245 00$aEstudio Agustiniano. 260 $aValladolid :$b[s.n.],$c1968- 510 4 $aCod. rivista ACNP:$cP 92417 710 2 $aEstudio Teológico Agustiniano .$0(OLS)http://semarc/name/1918 710 2 $aAgostiniani .$0(OLS)http://semarc/name/1713 780 00$tArchivo Teologico Agustiniano.$dValladolid : [s.n.], 1966-1967.$w()1914 850 $aSeMil 852 $aSeMil$W1$xVenegono$y1$pCliccare per visualizzare collocazione, posseduto cumulativo e fascicoli ricevuti dell?annata corrente

Cliccare per visualizzare eventuali spogli (alla eventuale voce ?Indici? in fondo di pagina)$B227483$CSeMilBibl$Z2$F227483 $85 961 $aCambio. Scuola Cattolica 996 $6022$a0425-340X$9(OLS)http://semarc/number/260 996 $6245$aEstudio Agustiniano$9(OLS)http://semarc/title/3768 996 $6260$aValladolid :$b[s.n.]$9(OLS)http://semarc/publisher/30452